000 01346cam a22003135a 4500
001 L124322
008 080918s2003 000 0 eng u
020 _a0860176002
035 _a(Sirsi) u124322
041 _aeng
050 _a639.9
_c18
100 _aAnderson, Penny
245 _aHabitat translocation
_ba best practice guide
260 _aLondon
_bCIRIA
_c2003
300 _a83p.
_bill.
_c2003
350 _a95
490 _aCIRIA Publication
_vC600
520 _aHabitat translocation is the process of moving soils with their vegetation and associated animals, to rescue habitats from development or extraction schemes. This best practice guide sets out minimum standards for habitat translocations and covers the obstacles involved, the planning process, the contractual context, the mechanics of translocation, aftercare and maintenance, and the costs of translocation. Glossary, references and appendices.
520 _aAccompanied by a CD-ROM (L145255) which is not available for loan.
650 _aHABITATS
650 _aHABITAT CONSERVATION
650 _aPLANNING PROCESS
650 _aTRANSLOCATION
651 4 _aunited kingdom
690 _aRURAL-NATURE CONSERVATION
710 _aConstruction Industry Research and Information Association
_94810
710 _aEngland
_bHighways Agency
_91666
942 _n0
999 _c103200
_d103200